[Event "Skakligaen 2021-22"]
[Site "Denmark"]
[Date "2022.02.27"]
[Round "7.1"]
[White "Hector, Jonny"]
[Black "Thybo, Jesper Sondergaard"]
[Result "1-0"]
[WhiteElo "2443"]
[BlackElo "2602"]
[PlyCount "69"]
[EventDate "2021.10.30"]
[EventType "team-tourn"]
[EventRounds "9"]
[EventCountry "DEN"]
[SourceTitle "Turneringssystemet"]
[WhiteTeam "Nordkalotten"]
[BlackTeam "Koge"]

1. e4 c6 2. d4 d5 3. Nd2 dxe4 4. Nxe4 Nf6 5. Nxf6+ exf6 6. Be3 Na6 7. a3 g6 8.
Bd3 Bg7 9. Ne2 Nc7 10. Qd2 h5 11. c4 O-O 12. O-O Re8 13. Rad1 Be6 14. Nf4 f5
15. Be2 Qd6 16. b4 Rad8 17. Qc1 a6 18. Bf3 Rc8 19. d5 cxd5 20. Bc5 Qe5 21. cxd5
Bd7 22. d6 Nb5 23. Bxb7 Nc3 24. Rde1 Qf6 25. Bxc8 Rxc8 26. Re7 Bb5 27. Rfe1 Kh7
28. Qd2 Bc6 29. Qd3 Bb5 30. Qe3 Bc6 31. f3 Bb5 32. Qd2 Rd8 33. Nd5 Nxd5 34.
Qxd5 Kg8 35. d7 1-0

[Event "Skakligaen 2021-22"]
[Site "Denmark"]
[Date "2022.02.27"]
[Round "7.2"]
[White "David, Alberto"]
[Black "Brynell, Stellan"]
[Result "1/2-1/2"]
[WhiteElo "2545"]
[BlackElo "2431"]
[PlyCount "57"]
[EventDate "2021.10.30"]
[EventType "team-tourn"]
[EventRounds "9"]
[EventCountry "DEN"]
[SourceTitle "Turneringssystemet"]
[WhiteTeam "Koge"]
[BlackTeam "Nordkalotten"]

1. e4 e6 2. d3 d5 3. Qe2 dxe4 4. dxe4 e5 5. Nf3 Nd7 6. Rg1 Bc5 7. g4 Ne7 8. h4
Nc6 9. c3 a5 10. g5 Nb6 11. Be3 Qe7 12. Nbd2 Be6 13. Bxc5 Qxc5 14. Qb5 Nd7 15.
a4 O-O-O 16. Bc4 Rhe8 17. Bxe6 Rxe6 18. Nb3 Qb6 19. Nfd2 Kb8 20. Nc4 Qxb5 21.
axb5 Na7 22. O-O-O b6 23. Rd5 Kc8 24. Rgd1 Ree8 25. Kc2 f6 26. gxf6 gxf6 27.
Ne3 a4 28. Nd2 Nc5 29. Rxd8+ 1/2-1/2

[Event "Skakligaen 2021-22"]
[Site "Denmark"]
[Date "2022.02.27"]
[Round "7.3"]
[White "Kristensen, Kaare Hove"]
[Black "Rozentalis, Eduardas"]
[Result "1/2-1/2"]
[WhiteElo "2345"]
[BlackElo "2513"]
[PlyCount "91"]
[EventDate "2021.10.30"]
[EventType "team-tourn"]
[EventRounds "9"]
[EventCountry "DEN"]
[SourceTitle "Turneringssystemet"]
[WhiteTeam "Nordkalotten"]
[BlackTeam "Koge"]

1. e4 e6 2. d4 d5 3. Nc3 Bb4 4. Nge2 dxe4 5. a3 Be7 6. g4 e5 7. h3 h5 8. gxh5
Nf6 9. Be3 Nxh5 10. dxe5 Nc6 11. Qxd8+ Bxd8 12. Nxe4 Nxe5 13. O-O-O Nc4 14. Bd4
f5 15. N2g3 Nxg3 16. fxg3 fxe4 17. Bxc4 Rxh3 18. Bxg7 Bg5+ 19. Kb1 Ke7 20. Rxh3
Bxh3 21. Re1 Bf5 22. Bd5 Bd2 23. Re2 e3 24. Bf3 Kd7 25. g4 Bg6 26. Bd4 Re8 27.
Bxb7 c6 28. Ba6 Be4 29. g5 Bf3 30. g6 Bxe2 31. Bxe2 c5 32. Bxc5 Re5 33. g7 Rg5
34. Bd4 Rg2 35. c3 Kd6 36. Kc2 a5 37. Bc4 Be1+ 38. Kd1 Bh4 39. b4 axb4 40. axb4
Rd2+ 41. Kc1 Rg2 42. b5 e2 43. Bxe2 Bg5+ 44. Kd1 Bh6 45. Bf3 Rxg7 46. Bxg7
1/2-1/2

[Event "Skakligaen 2021-22"]
[Site "Denmark"]
[Date "2022.02.27"]
[Round "7.4"]
[White "Danielsen, Henrik"]
[Black "Hove, Esben Kjems"]
[Result "1-0"]
[WhiteElo "2517"]
[BlackElo "2335"]
[PlyCount "81"]
[EventDate "2021.10.30"]
[EventType "team-tourn"]
[EventRounds "9"]
[EventCountry "DEN"]
[SourceTitle "Turneringssystemet"]
[WhiteTeam "Koge"]
[BlackTeam "Nordkalotten"]

1. d4 d5 2. Nf3 Nf6 3. c4 c6 4. Nbd2 Bf5 5. g3 e6 6. Bg2 h6 7. O-O Be7 8. b3
O-O 9. Bb2 a5 10. a3 Nbd7 11. Re1 Ne4 12. e3 Bf6 13. Bf1 Ndc5 14. Nxe4 Bxe4 15.
Be2 Bh7 16. b4 axb4 17. axb4 Rxa1 18. Bxa1 Ne4 19. c5 b6 20. Qb3 Qc7 21. Rc1
Rb8 22. Qa4 bxc5 23. bxc5 Bg6 24. Ne1 Nd2 25. Rd1 Nb3 26. Bd3 Bxd3 27. Nxd3 Rb5
28. Bc3 Bd8 29. Kg2 Qb7 30. Bb4 Na5 31. Bxa5 Rxa5 32. Qc2 f6 33. Rb1 Qc8 34.
Qd1 Ra7 35. Ra1 Rb7 36. Ra6 Rb5 37. Qa4 Kh7 38. Ra8 Qc7 39. Qc2 f5 40. Nf4 Qd7
41. Nxe6 1-0

[Event "Skakligaen 2021-22"]
[Site "Denmark"]
[Date "2022.02.27"]
[Round "7.5"]
[White "Schmidt, Kristen"]
[Black "Brunello, Sabino"]
[Result "0-1"]
[WhiteElo "2315"]
[BlackElo "2499"]
[PlyCount "60"]
[EventDate "2021.10.30"]
[EventType "team-tourn"]
[EventRounds "9"]
[EventCountry "DEN"]
[SourceTitle "Turneringssystemet"]
[WhiteTeam "Nordkalotten"]
[BlackTeam "Koge"]

1. e4 c5 2. Nf3 d6 3. d4 cxd4 4. Nxd4 Nf6 5. f3 e5 6. Nb3 d5 7. Bg5 Be6 8. Bb5+
Nc6 9. exd5 Qxd5 10. Qe2 a6 11. c4 Qd8 12. Bxc6+ bxc6 13. Qxe5 Bd6 14. Qe2 O-O
15. Nc3 h6 16. Bxf6 Qxf6 17. Ne4 Bb4+ 18. Kf2 Qe5 19. Rad1 Rfe8 20. a3 Bf8 21.
Nd4 Bd7 22. b4 f5 23. Nc3 Qf6 24. Qd2 c5 25. Nc2 cxb4 26. axb4 Bc6 27. Rhe1
Qh4+ 28. Kg1 Qxc4 29. Rxe8 Rxe8 30. Nd5 Re2 0-1

[Event "Skakligaen 2021-22"]
[Site "Denmark"]
[Date "2022.02.27"]
[Round "7.6"]
[White "Smith, Axel"]
[Black "Sylvan, Jacob"]
[Result "1/2-1/2"]
[WhiteElo "2435"]
[BlackElo "2295"]
[PlyCount "97"]
[EventDate "2021.10.30"]
[EventType "team-tourn"]
[EventRounds "9"]
[EventCountry "DEN"]
[SourceTitle "Turneringssystemet"]
[WhiteTeam "Koge"]
[BlackTeam "Nordkalotten"]

1. d4 Nf6 2. Bg5 Ne4 3. Bf4 d5 4. e3 Bf5 5. f3 Nf6 6. g4 Bg6 7. h4 h6 8. Bd3
Bxd3 9. cxd3 e6 10. Ne2 Bd6 11. Nbc3 c6 12. Qb3 Bxf4 13. Nxf4 Qc7 14. O-O-O g6
15. g5 Ng8 16. gxh6 Nxh6 17. h5 g5 18. Nfe2 Nd7 19. Rdg1 f6 20. e4 O-O-O 21.
Kb1 Kb8 22. Qc2 Nb6 23. a3 Qe7 24. Qc1 Rdg8 25. Qe3 Qd8 26. Rg2 Nc8 27. Na4 b6
28. Nac3 Kb7 29. Ka1 Nd6 30. Qf2 f5 31. e5 Ndf7 32. f4 g4 33. Rc1 Qe7 34. Na4
Rc8 35. Ng3 Rc7 36. Rc3 Kc8 37. Qc2 Kd7 38. Qc1 Rhc8 39. Rh2 Nd8 40. b4 Nb7 41.
Rhc2 Qh4 42. Qg1 Qe7 43. Kb1 Ke8 44. Kc1 Nd8 45. Kd2 Ra8 46. Ke3 b5 47. Nc5 a5
48. Rb3 axb4 49. axb4 1/2-1/2

[Event "Skakligaen 2021-22"]
[Site "Denmark"]
[Date "2022.02.27"]
[Round "7.7"]
[White "Jakobsen, Peter"]
[Black "Ahlander, Bjorn"]
[Result "0-1"]
[WhiteElo "2194"]
[BlackElo "2363"]
[PlyCount "104"]
[EventDate "2021.10.30"]
[EventType "team-tourn"]
[EventRounds "9"]
[EventCountry "DEN"]
[SourceTitle "Turneringssystemet"]
[WhiteTeam "Nordkalotten"]
[BlackTeam "Koge"]

1. c4 e6 2. Nc3 d5 3. d4 a6 4. cxd5 exd5 5. Bf4 Nf6 6. e3 Bd6 7. Bg3 Bf5 8. Bd3
Bxd3 9. Qxd3 Bxg3 10. hxg3 c6 11. Nge2 Nbd7 12. O-O-O Qe7 13. Nf4 O-O-O 14. Qc2
Kb8 15. Kb1 h5 16. Rc1 Rc8 17. Nd3 Ne4 18. Nxe4 Qxe4 19. Nf4 Nf6 20. Qxe4 Nxe4
21. Rc2 g5 22. Nd3 Rh6 23. Nc5 Nd6 24. Rcc1 Rch8 25. Rh2 Kc7 26. Rch1 a5 27.
Kc2 b6 28. Nd3 Ne4 29. Kd1 c5 30. Rf1 f6 31. Ke2 Kd6 32. Rc1 c4 33. Ne1 g4 34.
Nc2 b5 35. Rhh1 b4 36. a3 b3 37. Ne1 Rc8 38. Rg1 Rhh8 39. f3 Nxg3+ 40. Kf2 Nf5
41. g3 Rce8 42. Rc3 Kc6 43. Ng2 Nd6 44. Nf4 h4 45. gxh4 gxf3 46. Kxf3 Rxh4 47.
Rcc1 Rh2 48. Rg2 Rxg2 49. Nxg2 Rh8 50. Nf4 Rh2 51. Ne2 Ne4 52. Re1 f5 0-1

[Event "Skakligaen 2021-22"]
[Site "Denmark"]
[Date "2022.02.27"]
[Round "7.8"]
[White "Pedersen, Henrik Dahl"]
[Black "Ejsing, Esben"]
[Result "1-0"]
[WhiteElo "2227"]
[BlackElo "2127"]
[PlyCount "67"]
[EventDate "2021.10.30"]
[EventType "team-tourn"]
[EventRounds "9"]
[EventCountry "DEN"]
[SourceTitle "Turneringssystemet"]
[WhiteTeam "Koge"]
[BlackTeam "Nordkalotten"]

1. e4 c5 2. Nc3 e6 3. Nf3 a6 4. d4 cxd4 5. Nxd4 b5 6. Bd3 Bb7 7. O-O Ne7 8. Bg5
h6 9. Bh4 Qb6 10. Nb3 Ng6 11. Bg3 Be7 12. a4 b4 13. a5 Qd8 14. Na4 d6 15. f4
Nd7 16. e5 d5 17. Bxg6 fxg6 18. Qg4 Nf8 19. Nd4 h5 20. Qh3 Qxa5 21. Nxe6 Bc8
22. f5 Nxe6 23. fxe6 Rf8 24. Bf2 Qc7 25. Qd3 Bxe6 26. Qxg6+ Bf7 27. Qxg7 Qxc2
28. Nb6 Rd8 29. e6 Bxe6 30. Rac1 Qd2 31. Rc7 Qg5 32. Rxe7+ Qxe7 33. Qxe7+ Kxe7
34. Bc5+ 1-0

[Event "Skakligaen 2021-22"]
[Site "Denmark"]
[Date "2022.02.27"]
[Round "7.1"]
[White "Hansen, Sune Berg"]
[Black "Nielsen, Viktor Haarmark"]
[Result "1-0"]
[WhiteElo "2528"]
[BlackElo "2296"]
[PlyCount "57"]
[EventDate "2021.10.30"]
[EventType "team-tourn"]
[EventRounds "9"]
[EventCountry "DEN"]
[SourceTitle "Turneringssystemet"]
[WhiteTeam "Hillerod"]
[BlackTeam "Obro"]

1. Nf3 Nf6 2. g3 g6 3. b3 Bg7 4. Bb2 O-O 5. Bg2 d5 6. c4 c6 7. O-O a5 8. a3
Nbd7 9. d3 Re8 10. cxd5 cxd5 11. Nc3 Nb8 12. Rc1 Nc6 13. Nb5 e5 14. a4 Bh6 15.
e3 Bf8 16. d4 e4 17. Ne5 Ra6 18. f3 exf3 19. Qxf3 Bg7 20. Qf4 Be6 21. h3 Qb8
22. g4 Rc8 23. Nd3 Qxf4 24. exf4 Ne4 25. f5 gxf5 26. gxf5 Bd7 27. Bxe4 dxe4 28.
Nc5 Rd8 29. Nxb7 1-0

[Event "Skakligaen 2021-22"]
[Site "Denmark"]
[Date "2022.02.27"]
[Round "7.2"]
[White "Rasmussen, Casper Dahl"]
[Black "Schandorff, Lars"]
[Result "0-1"]
[WhiteElo "2289"]
[BlackElo "2458"]
[PlyCount "80"]
[EventDate "2021.10.30"]
[EventType "team-tourn"]
[EventRounds "9"]
[EventCountry "DEN"]
[SourceTitle "Turneringssystemet"]
[WhiteTeam "Obro"]
[BlackTeam "Hillerod"]

1. Nf3 Nf6 2. c4 e6 3. b3 d5 4. Bb2 Be7 5. e3 O-O 6. Nc3 dxc4 7. Bxc4 c5 8. O-O
a6 9. a4 Nc6 10. d4 cxd4 11. Nxd4 Na5 12. Be2 e5 13. Nf3 Be6 14. Nxe5 Nxb3 15.
Qxd8 Rfxd8 16. Rad1 Nd2 17. Rfe1 Bb3 18. Rc1 Rac8 19. Nf3 Nde4 20. Bd1 Bxd1 21.
Rexd1 Rxd1+ 22. Nxd1 Rxc1 23. Bxc1 Bb4 24. Ne5 Nc5 25. Nb2 Bc3 26. Ned3 Nfe4
27. Kf1 Bxb2 28. Nxc5 Nxc5 29. Bxb2 Nxa4 30. Bd4 Kf8 31. Ke2 g6 32. Kd3 Ke7 33.
Kc4 Kd6 34. Kb4 b5 35. g4 Kc6 36. h4 Nb6 37. Ka5 Nc4+ 38. Kxa6 b4 39. Ka7 b3
40. Kb8 Kd7 0-1

[Event "Skakligaen 2021-22"]
[Site "Denmark"]
[Date "2022.02.27"]
[Round "7.3"]
[White "Percivaldi, Martin"]
[Black "Hansen, Soren Bech"]
[Result "1-0"]
[WhiteElo "2385"]
[BlackElo "2296"]
[PlyCount "83"]
[EventDate "2021.10.30"]
[EventType "team-tourn"]
[EventRounds "9"]
[EventCountry "DEN"]
[SourceTitle "Turneringssystemet"]
[WhiteTeam "Hillerod"]
[BlackTeam "Obro"]

1. Nf3 Nf6 2. c4 e6 3. g3 b6 4. Bg2 Bb7 5. O-O c5 6. Nc3 d6 7. d4 cxd4 8. Qxd4
a6 9. Rd1 Nbd7 10. Bg5 Qc7 11. Nd2 Bxg2 12. Kxg2 Rc8 13. Nde4 Qxc4 14. Nxd6+
Bxd6 15. Qxc4 Rxc4 16. Rxd6 Ke7 17. Rad1 Rc7 18. e4 h6 19. Bf4 Rhc8 20. R6d2
Rb7 21. f3 Ne8 22. g4 Nc5 23. Be3 Nd7 24. f4 Rc6 25. e5 Rc4 26. Kf3 Rc6 27. h4
Nb8 28. Na4 Nd7 29. h5 b5 30. Nc3 Nb6 31. Bxb6 Rcxb6 32. Ne4 Rc6 33. b4 Ra7 34.
Nc5 Rcc7 35. Rd8 a5 36. a3 axb4 37. axb4 Ra3+ 38. Ke4 g6 39. hxg6 f5+ 40. gxf5
exf5+ 41. Kxf5 Ng7+ 42. Ke4 1-0

[Event "Skakligaen 2021-22"]
[Site "Denmark"]
[Date "2022.02.27"]
[Round "7.4"]
[White "Larsen, Karsten"]
[Black "Borge, Nikolaj"]
[Result "0-1"]
[WhiteElo "2252"]
[BlackElo "2381"]
[PlyCount "74"]
[EventDate "2021.10.30"]
[EventType "team-tourn"]
[EventRounds "9"]
[EventCountry "DEN"]
[SourceTitle "Turneringssystemet"]
[WhiteTeam "Obro"]
[BlackTeam "Hillerod"]

1. d4 d5 2. Nf3 Nf6 3. Bf4 e6 4. e3 c5 5. c3 Nc6 6. Nbd2 Bd6 7. Bg3 O-O 8. Bd3
b6 9. Ne5 Qc7 10. f4 Ne7 11. O-O Nf5 12. Bf2 Be7 13. g4 Nd6 14. Bg3 Nfe4 15.
Qe2 b5 16. Rac1 a5 17. Qg2 Qb7 18. Bxe4 Nxe4 19. Nxe4 dxe4 20. g5 Qd5 21. a3
cxd4 22. cxd4 b4 23. a4 Ba6 24. Rfe1 b3 25. Ng4 Bd3 26. Bh4 Kh8 27. Qh3 Bc2 28.
Ne5 g6 29. Bg3 h5 30. gxh6 Kh7 31. Bh4 f6 32. Kh1 Rg8 33. Rg1 fxe5 34. Bxe7
exd4 35. Rg5 Qd7 36. Bf6 d3 37. Bc3 d2 0-1

[Event "Skakligaen 2021-22"]
[Site "Denmark"]
[Date "2022.02.27"]
[Round "7.5"]
[White "Pedersen, Steffen"]
[Black "Jorgensen, Brian Jorgen"]
[Result "1/2-1/2"]
[WhiteElo "2338"]
[BlackElo "2230"]
[PlyCount "81"]
[EventDate "2021.10.30"]
[EventType "team-tourn"]
[EventRounds "9"]
[EventCountry "DEN"]
[SourceTitle "Turneringssystemet"]
[WhiteTeam "Hillerod"]
[BlackTeam "Obro"]

1. d4 Nf6 2. Nf3 g6 3. c4 Bg7 4. Nc3 d5 5. cxd5 Nxd5 6. Bd2 O-O 7. Rc1 c6 8. e4
Nxc3 9. Bxc3 Bg4 10. Be2 Nd7 11. O-O a5 12. Qc2 e6 13. Rfd1 Qc7 14. Be1 Qb6 15.
h3 Bxf3 16. Bxf3 Bxd4 17. Bc3 Bxc3 18. Rxd7 Bf6 19. b3 Rfd8 20. Rcd1 Rxd7 21.
Rxd7 Rd8 22. Rxd8+ Qxd8 23. Be2 Qd4 24. g3 Qc3 25. Qxc3 Bxc3 26. f4 Kf8 27. Kf2
Ke7 28. e5 Kd7 29. Ke3 Kc7 30. g4 Kb6 31. Kd3 Bb2 32. Ke4 Kc5 33. f5 b5 34.
fxe6 fxe6 35. g5 Bc1 36. h4 Bd2 37. Bg4 Be1 38. Bxe6 Bxh4 39. Kf4 Be1 40. Bg8
h6 41. gxh6 1/2-1/2

[Event "Skakligaen 2021-22"]
[Site "Denmark"]
[Date "2022.02.27"]
[Round "7.6"]
[White "Kakulidis, Ellen"]
[Black "Jaksland, Tim"]
[Result "1/2-1/2"]
[WhiteElo "2054"]
[BlackElo "2212"]
[PlyCount "51"]
[EventDate "2021.10.30"]
[EventType "team-tourn"]
[EventRounds "9"]
[EventCountry "DEN"]
[SourceTitle "Turneringssystemet"]
[WhiteTeam "Obro"]
[BlackTeam "Hillerod"]

1. d4 Nf6 2. Nf3 e6 3. g3 d5 4. Bg2 b5 5. a4 b4 6. c4 Bb7 7. O-O c5 8. cxd5
Bxd5 9. Bg5 Nbd7 10. Nbd2 h6 11. e4 Bb7 12. Bxf6 Nxf6 13. d5 exd5 14. e5 Ne4
15. e6 Bd6 16. exf7+ Kxf7 17. Nxe4 dxe4 18. Qb3+ Kf6 19. Nd2 Re8 20. Nxe4+ Rxe4
21. Qf3+ Bf4 22. Rae1 Qe7 23. Rxe4 Qxe4 24. Qxe4 Bxe4 25. Bxe4 Re8 26. Bd3
1/2-1/2

[Event "Skakligaen 2021-22"]
[Site "Denmark"]
[Date "2022.02.27"]
[Round "7.7"]
[White "Ostergaard, Jens"]
[Black "Skou, Niels"]
[Result "1-0"]
[WhiteElo "2230"]
[BlackElo "2045"]
[PlyCount "101"]
[EventDate "2021.10.30"]
[EventType "team-tourn"]
[EventRounds "9"]
[EventCountry "DEN"]
[SourceTitle "Turneringssystemet"]
[WhiteTeam "Hillerod"]
[BlackTeam "Obro"]

1. d4 d5 2. Nf3 Nf6 3. c4 e6 4. Nc3 Be7 5. Bg5 Nbd7 6. e3 h6 7. Bh4 O-O 8. Rc1
c5 9. dxc5 dxc4 10. c6 bxc6 11. Bxc4 Nb6 12. Bd3 Nbd5 13. O-O Rb8 14. Na4 Qa5
15. a3 Nb6 16. Nxb6 Rxb6 17. Qc2 Rd8 18. Rfd1 Ba6 19. Bxa6 Rxd1+ 20. Rxd1 Qxa6
21. Ne5 Qb5 22. Nc4 Qb3 23. Qxb3 Rxb3 24. Kf1 Kf8 25. Bg3 Nd5 26. Rc1 f6 27.
Rc2 c5 28. Na5 Rb5 29. Nc6 a6 30. Na7 Rb3 31. Nc8 Rb7 32. e4 Nb6 33. Nxb6 Rxb6
34. Bf4 Rb5 35. Be3 Ke8 36. Ke2 g5 37. Kd3 Kd7 38. Kc4 Bd6 39. h3 Kc6 40. Bd2
Be5 41. b3 Bd4 42. Bc3 e5 43. Rd2 h5 44. Rd3 Rb8 45. Rf3 Rf8 46. Rf5 h4 47. Bd2
Kd7 48. Bxg5 Rg8 49. Bxf6 Rxg2 50. Bxh4 Rh2 51. Rf3 1-0

[Event "Skakligaen 2021-22"]
[Site "Denmark"]
[Date "2022.02.27"]
[Round "7.8"]
[White "Hallundbaek, Aksel Wetke"]
[Black "Nordenbaek, Jan"]
[Result "0-1"]
[WhiteElo "1785"]
[BlackElo "2157"]
[PlyCount "102"]
[EventDate "2021.10.30"]
[EventType "team-tourn"]
[EventRounds "9"]
[EventCountry "DEN"]
[SourceTitle "Turneringssystemet"]
[WhiteTeam "Obro"]
[BlackTeam "Hillerod"]

1. e4 e5 2. Nf3 Nc6 3. Bc4 Nf6 4. d3 Bc5 5. c3 O-O 6. O-O d5 7. exd5 Nxd5 8. b4
Be7 9. Qb3 Nb6 10. Re1 Nxc4 11. dxc4 Be6 12. Nbd2 f6 13. b5 Na5 14. Qa4 c5 15.
bxc6 Nxc6 16. Ba3 Re8 17. Rad1 Qa5 18. Qxa5 Nxa5 19. Bxe7 Rxe7 20. c5 Rc8 21.
Ne4 h6 22. Nh4 Kh7 23. h3 Rd7 24. Rd6 Rxd6 25. cxd6 b6 26. f4 Nc4 27. Nf3 Bd5
28. fxe5 fxe5 29. Nfd2 Nxd2 30. Nxd2 Rd8 31. Rxe5 Rxd6 32. Nb3 Bxb3 33. axb3
Rd3 34. Re7 Rxc3 35. Rxa7 Rxb3 36. Rb7 Kg6 37. Kf2 h5 38. h4 Kf6 39. Ke2 g6 40.
Kf2 Kf5 41. Rf7+ Ke5 42. Rg7 Kf6 43. Rb7 b5 44. Ke2 Kf5 45. Rb6 Rb1 46. Kf3
Rb3+ 47. Ke2 b4 48. Rb5+ Kf4 49. Rb6 Rb2+ 50. Kf1 b3 51. Rxg6 Rc2 0-1

[Event "Skakligaen 2021-22"]
[Site "Denmark"]
[Date "2022.03.19"]
[Round "8.1"]
[White "Fries Nielsen, Jens Ove"]
[Black "Nielsen, Viktor Haarmark"]
[Result "0-1"]
[WhiteElo "2378"]
[BlackElo "2296"]
[PlyCount "100"]
[EventDate "2021.10.30"]
[EventType "team-tourn"]
[EventRounds "9"]
[EventCountry "DEN"]
[SourceTitle "Turneringssystemet"]
[WhiteTeam "Fredericia"]
[BlackTeam "Obro"]

1. e4 e5 2. Nf3 Nc6 3. Bb5 a6 4. Bxc6 dxc6 5. d3 Bd6 6. Be3 Be6 7. Nc3 c5 8. a4
a5 9. Nd2 Ne7 10. Nc4 Nc6 11. O-O O-O 12. Nb5 Qe7 13. c3 Rad8 14. Qe2 f5 15.
exf5 Rxf5 16. f3 Bxc4 17. dxc4 e4 18. Nxd6 Rxd6 19. fxe4 Qxe4 20. Rxf5 Qxf5 21.
Qf2 Qxf2+ 22. Bxf2 Rd2 23. Bxc5 Rxb2 24. Rf1 h5 25. Rf8+ Kh7 26. Rc8 Ne5 27.
Rxc7 Ng4 28. g3 Nxh2 29. Bd4 Kh6 30. Be3+ g5 31. Rc5 Nf3+ 32. Kf1 Kg6 33. Rb5
Rxb5 34. cxb5 Ne5 35. Bb6 Nc4 36. Bd8 Kf5 37. Ke2 Kg4 38. Bc7 Nb2 39. Bxa5 Nxa4
40. Kf2 Nc5 41. Kg2 Ne4 42. c4 Nd6 43. Bc7 Nxc4 44. b6 Kf5 45. Kh3 Ne3 46. Kh2
Kg4 47. Bd6 Kf3 48. Bb8 g4 49. Kg1 Nf5 50. Kh2 Kf2 0-1

[Event "Skakligaen 2021-22"]
[Site "Denmark"]
[Date "2022.03.19"]
[Round "8.2"]
[White "Rasmussen, Casper Dahl"]
[Black "Light, Bjarne"]
[Result "1-0"]
[WhiteElo "2289"]
[BlackElo "2234"]
[PlyCount "103"]
[EventDate "2021.10.30"]
[EventType "team-tourn"]
[EventRounds "9"]
[EventCountry "DEN"]
[SourceTitle "Turneringssystemet"]
[WhiteTeam "Obro"]
[BlackTeam "Fredericia"]

1. Nf3 c5 2. c4 Nc6 3. g3 g6 4. Bg2 Bg7 5. Nc3 e6 6. O-O Nge7 7. e4 O-O 8. Re1
d6 9. a3 a5 10. Rb1 b6 11. d3 Bb7 12. Bg5 h6 13. Be3 Nd4 14. Ne2 Nec6 15. Nfxd4
cxd4 16. Bd2 a4 17. f4 Qc7 18. g4 Ne7 19. Ng3 f5 20. Qe2 fxe4 21. Nxe4 Kh7 22.
Nxd6 Bxg2 23. Nb5 Qd7 24. Qxg2 Nc6 25. Re4 Rae8 26. Rbe1 Rf7 27. h3 Rfe7 28.
Rf1 Rf8 29. Rfe1 e5 30. Qg3 Ref7 31. fxe5 Rf3 32. Qg2 Rxd3 33. Bf4 Nd8 34. e6
Nxe6 35. Rxe6 Rxf4 36. Re7 Qc8 37. Rc7 Qf8 38. Ree7 Rff3 39. Rxg7+ Qxg7 40.
Rxg7+ Kxg7 41. Kh2 Rf7 42. Qe2 Re3 43. Qd2 Kh7 44. Nxd4 Re4 45. Qd3 Ref4 46.
Kg3 Rf2 47. h4 Rxb2 48. h5 Rf6 49. hxg6+ Rxg6 50. Qf5 Ra2 51. Ne6 Rxa3+ 52. Kh4
1-0

[Event "Skakligaen 2021-22"]
[Site "Denmark"]
[Date "2022.03.19"]
[Round "8.3"]
[White "Friis, Carsten Bank"]
[Black "Hansen, Soren Bech"]
[Result "1/2-1/2"]
[WhiteElo "2212"]
[BlackElo "2296"]
[PlyCount "73"]
[EventDate "2021.10.30"]
[EventType "team-tourn"]
[EventRounds "9"]
[EventCountry "DEN"]
[SourceTitle "Turneringssystemet"]
[WhiteTeam "Fredericia"]
[BlackTeam "Obro"]

1. d4 f5 2. g3 Nf6 3. Bg2 g6 4. c4 Bg7 5. Nc3 O-O 6. Nf3 d6 7. O-O Qe8 8. d5
Na6 9. Be3 c6 10. Rb1 Bd7 11. b4 Nc7 12. Qb3 e5 13. dxe6 Nxe6 14. Rfd1 Qe7 15.
Rd3 Ne4 16. Bd2 Nxd2 17. Rxd2 Rad8 18. Rbd1 Be8 19. e3 Bf7 20. Ne2 Rfe8 21.
Ned4 Bf6 22. Qc2 a6 23. Nxe6 Qxe6 24. Bf1 c5 25. a3 Qe4 26. Ne1 cxb4 27. axb4
d5 28. Qxe4 dxe4 29. Nc2 Kf8 30. Rd7 Be6 31. Rxd8 Rxd8 32. Rxd8+ Bxd8 33. Nd4
Bd7 34. c5 Be7 35. Bc4 a5 36. bxa5 Bxc5 37. Ne6+ 1/2-1/2

[Event "Skakligaen 2021-22"]
[Site "Denmark"]
[Date "2022.03.19"]
[Round "8.4"]
[White "Larsen, Karsten"]
[Black "Pedersen, Daniel Vesterbaek"]
[Result "1/2-1/2"]
[WhiteElo "2252"]
[BlackElo "2139"]
[PlyCount "197"]
[EventDate "2021.10.30"]
[EventType "team-tourn"]
[EventRounds "9"]
[EventCountry "DEN"]
[SourceTitle "Turneringssystemet"]
[WhiteTeam "Obro"]
[BlackTeam "Fredericia"]

1. Nf3 Nf6 2. g3 b5 3. Bg2 Bb7 4. O-O e6 5. b3 Be7 6. Bb2 O-O 7. c4 bxc4 8.
bxc4 c5 9. Nc3 Nc6 10. Rb1 Rb8 11. Ba1 a6 12. d3 Qc7 13. Qa4 d6 14. Rfc1 Nd7
15. a3 f5 16. Nd2 Nb6 17. Qd1 f4 18. Nce4 e5 19. e3 Bc8 20. Qh5 fxe3 21. fxe3
Bf5 22. Rf1 Qd7 23. Qe2 Kh8 24. Nc3 Rfc8 25. Rbc1 Bg6 26. Rf2 Rf8 27. Rff1
Rxf1+ 28. Rxf1 h6 29. Rb1 Qc7 30. Nde4 Nd8 31. Bh3 Kh7 32. Qf3 Nf7 33. Bf5 Nh8
34. Be6 Rf8 35. Qg4 Bd8 36. h4 Qe7 37. Qh3 Bc7 38. Rd1 Bh5 39. Re1 Bf7 40. Bf5+
Bg6 41. Bg4 Rd8 42. Qg2 Bf7 43. Bf3 Be6 44. Nd2 Nf7 45. Rb1 g5 46. Be4+ Kh8 47.
h5 g4 48. Nd5 Nxd5 49. cxd5 Bc8 50. Nc4 Ng5 51. Rf1 Rf8 52. Bc3 Rxf1+ 53. Kxf1
Qf7+ 54. Qf2 Qxf2+ 55. Kxf2 Nxe4+ 56. dxe4 Kg7 57. Ba5 Bxa5 58. Nxa5 Kf6 59.
Nc4 Ke7 60. Ke2 Bd7 61. Kd2 Be8 62. Na5 Bxh5 63. Nc6+ Kd7 64. Na5 Bg6 65. Kd3
h5 66. Nc4 Kc7 67. Nd2 Be8 68. Nb1 Bb5+ 69. Kd2 Kb6 70. Nc3 Bc4 71. Ke1 Bd3 72.
Kf2 c4 73. Ke1 Kc7 74. Kf2 Kd7 75. Kg2 Ke7 76. Kf2 Kf6 77. Kg2 Kg5 78. Kg1 h4
79. Kg2 hxg3 80. Kg1 g2 81. a4 Bf1 82. a5 Kh4 83. Nb5 c3 84. Nxc3 Kg3 85. Nb5
Kf3 86. Nxd6 Kxe3 87. Nf7 Kxe4 88. d6 Bb5 89. Kxg2 Kf4 90. Nd8 e4 91. Ne6+ Ke5
92. Nc5 Kxd6 93. Nxe4+ Ke5 94. Nc5 Kd4 95. Ne6+ Kc3 96. Nc7 Kb4 97. Kg3 Kxa5
98. Nxa6 Kxa6 99. Kxg4 1/2-1/2

[Event "Skakligaen 2021-22"]
[Site "Denmark"]
[Date "2022.03.19"]
[Round "8.5"]
[White "Guindy, Esmat Susanne"]
[Black "Jorgensen, Brian Jorgen"]
[Result "1-0"]
[WhiteElo "2113"]
[BlackElo "2230"]
[PlyCount "78"]
[EventDate "2021.10.30"]
[EventType "team-tourn"]
[EventRounds "9"]
[EventCountry "DEN"]
[SourceTitle "Turneringssystemet"]
[WhiteTeam "Fredericia"]
[BlackTeam "Obro"]

1. d4 f5 2. c4 Nf6 3. g3 g6 4. Bg2 Bg7 5. Nc3 O-O 6. Nf3 d6 7. O-O c6 8. b3 Na6
9. Bb2 Qc7 10. Re1 e5 11. dxe5 dxe5 12. e4 Re8 13. Nh4 fxe4 14. Nxe4 Nxe4 15.
Bxe4 Nc5 16. Bc2 Bh3 17. b4 Ne6 18. Qe2 Nd4 19. Bxd4 exd4 20. Qxe8+ Rxe8 21.
Rxe8+ Kf7 22. Rae1 Bf6 23. c5 Bxh4 24. gxh4 Kf6 25. Bb3 g5 26. Rf8+ Kg6 27.
Rg8+ Kh5 28. Rxg5+ Kxh4 29. Rg3 Bf5 30. Bc4 Qf4 31. Rd1 Bc2 32. Re1 Qd2 33. Re2
Qd1+ 34. Kg2 Bf5 35. Re5 Qc2 36. h3 Be4+ 37. Kg1 Qb1+ 38. Bf1 h5 39. a3 Bd5 1-0